Tlow&Friends Songtitel! - Statistiken

Allgemein
  • Dieses Quiz wurde 39 mal gespielt
    37 seit der letzten Aktualisierung
  • Das Durchschnittsergebnis liegt bei 87 aus 258
Antwortstatistiken
Antwort % Korrekt
We Made It
91%
Sehnsucht
83%
Crashen
78%
Perc Party
78%
Irgendwie
74%
OOPS!
74%
ATM
70%
City nach City
70%
Nur ein Trost
70%
Outro
70%
sucht
70%
Verliebt
70%
Airbnb
65%
Applaus
65%
kalt
65%
Nuss
65%
Tattoos im Gesicht
65%
xanax doin damage
65%
Zeit zu gehen
65%
Allein
61%
Amiri Freestyle
61%
Cream Soda
61%
Designer
61%
drugs&love
61%
geh allein
61%
hoffen wir
61%
love is just a drug
61%
Ordentlich
61%
Oxycodon
61%
Rauchen im Club
61%
Red Stripe
61%
Römisches Reich
61%
warum?
61%
Addicted
57%
Benzo
57%
broken souls
57%
codeine schmerz und leid
57%
Come my Lady
57%
Curly fries
57%
Everything is Purple
57%
für immer
57%
love&drugs
57%
Mein Wasser
57%
No hook
57%
Omg
57%
psyched out genie
57%
seit dem Fame
57%
Überall in bape
57%
Zufällig
57%
2 herzen
52%
40 ox
52%
Beautiful Drugs
52%
Black Friday
52%
Druggy Popstar
52%
Echte love
52%
Eigentlich Tot
52%
Ich will
52%
K Tattoo
52%
Lucki
52%
Moet
52%
nikekarton
52%
Northface
52%
No special Day
52%
Red wine
52%
Stolz
52%
Xanax Doin Damage 2
52%
10 Jahre
48%
2 Leben
48%
2 Percys
48%
Anxiety
48%
block me
48%
drogenkinder
48%
give me my flowers now
48%
harte Medizin
48%
Hol mich Hoch
48%
Intro
48%
lange her
48%
Molly
48%
Moskovskaya
48%
Paranoid
48%
stumblin in
48%
till the wheels fall off
48%
Bisschen High
43%
Burberry
43%
Codeine Sipp
43%
Cold Dreams
43%
Excellent smoke
43%
Flasche leer
43%
Fluch & Segen
43%
Gott hats so gewollt
43%
Holy Shit
43%
love sins
43%
Lucid
43%
Luxus leben
43%
playboy herz
43%
Sag was
43%
Smoke
43%
Stay with me
43%
Zieht eine Line
43%
Cartier
39%
Entweder
39%
fantasy
39%
fliegen lässt
39%
Kompliziert
39%
Medizin
39%
Nicht verdient
39%
Reich
39%
Sprite für mich
39%
Vermisst
39%
Wake up Call
39%
Alle im Schlamm
35%
auf ein breski
35%
Aufgehört
35%
A&W
35%
bin 1 Litkid
35%
changed
35%
Dumm gehen will
35%
fuck a xan
35%
Für die Bres
35%
Gang Gang
35%
Lebenswerk
35%
Line in mein Cup
35%
Not that cool
35%
Promethazine Dreams
35%
So gut
35%
solution
35%
Vorsichtig
35%
1000 Emotionen
30%
Backseat
30%
Geheimnis
30%
H2O
30%
In der Nacht
30%
In Neu
30%
Keine Zeit
30%
letzte Nacht
30%
Pappbecher
30%
Schachtelkiste
30%
Streit ohne Sinn
30%
Wach
30%
Weint
30%
Zuhause
30%
Bape
26%
Bluethooth
26%
Geheimnis 2
26%
Master Bedroom
26%
Outro für rec
26%
Wie ein Junkie
26%
80 ox
22%
8 im Bauch
22%
Alleine sein
22%
change up
22%
Herz
22%
Jeder sucht eine Melodie
22%
Nachts wach
22%
Reichlich Outro
22%
Segen
22%
Sprite für mich 2
22%
9. Januar
17%
Alles was ich tu
17%
Astronaut
17%
Asuna
17%
Bando Ballade
17%
bestes Leben
17%
Better of Dead
17%
bleib wie du bist
17%
Dadash Call
17%
Die Molly Kickt nicht mehr
17%
Drei Bands
17%
Drei uhr früh in Marzahn
17%
Drunk & fcked Up
17%
Empathie
17%
feelings 4 you
17%
für Immer immer
17%
Geeked Up
17%
griechenland
17%
heißhunger
17%
i know that it sucks
17%
kaktus
17%
Keine Pappe
17%
like u
17%
Mad
17%
magichnicht
17%
Meine Welt dreht sich
17%
Nie mehr Umsonst
17%
Nie Verdient
17%
OG Ghost
17%
One Day
17%
On the Regular
17%
Popp sie auch
17%
Schlamm
17%
Spiegel
17%
Stecke mir den
17%
stick & Stones
17%
traum
17%
Umsteigen in Athen
17%
untertitel
17%
We aint the Same
17%
Zeichentrick
17%
Zwangsneurose
17%
Arbeite am Leben
13%
Beipackzettel
13%
bleed on you
13%
codeine wow
13%
Cosmo & Wanda
13%
Damn es ist nice
13%
Deine Welt
13%
Drin Kiffen
13%
Einmal verliebt 2
13%
Einmal verliebt 3
13%
Es gibt noch weed
13%
fanta hellblau wie der Himmel
13%
Wichtig für uns
13%
Gute Absicht
13%
Heim Komm
13%
In meiner bag
13%
Kalifornien Starnberg
13%
Nicht allein
13%
Noch fetter
13%
Penis & Flieg
13%
Pricey
13%
Sommer in Berlin
13%
so viel
13%
Ups&Downs
13%
Verdient
13%
Vierzig
13%
1x Nachgedacht
9%
besonders
9%
Beste die ich hab
9%
Bih 2
9%
Depressed bin
9%
Europas very Own
9%
fallininloveagain
9%
Flashback
9%
Gletscher
9%
Gut gelebt
9%
hab mir nur einmal Verliebt
9%
Heiner Clean
9%
Instagram High
9%
Kaum noch stehen
9%
Lay up
9%
Meine Entschuldigung
9%
Molly vs 3 xans
9%
Östereich
9%
Pretty life
9%
Souly
9%
Willkommen im Himmel
9%
Ziemlich oft
9%
Zu jeder Zeit
9%
breakup
4%
Eine Spur
4%
heroin
4%
Kilometer
4%
Oxe mich selbst
4%
Ruf mich nicht an
4%
Woher
4%
Für mich selbst
0%
Offensichtilich
0%
Keine übereinstimmenden Quizze gefunden
Verteilung der Resultate
Anzahl Personen mit jedem Resultat
Perzentil nach korrekt beantworteten Fragen
Ihre Resultats-Entwicklung
Sie haben dieses Quiz seit der letzten Aktualisierung nicht gespielt